Statistiken für Pokemon quiz Allgemein

Klicken Sie hier um das Quiz zu spielen!

Allgemein

  • Dieses Quiz wurde 246 mal gespielt
  • Das Durchschnittsergebnis liegt bei 13 aus 15

Antwortstatistiken

HintAntwort% Korrekt
Kann sich bibor EntwickelnJa
98%
Hat Lucario eine mega-entwicklungja
98%
Ist mew die vor entwicklung von Mewtu?Nein
96%
Vor stufe von GlurakGlutexo
95%
letzte evolution von pichuRaichu
94%
Legenderes Ice pokemon vom typ flugArktos
92%
Legenderes feuer pokemon vom typ flugLavados
90%
Mew Und ....Mewtu
90%
Mittlere evolution Kadabra 1Abra
89%
Legenderes elektro pokemon vom typ flugZapdos
88%
Slima wird zu ...Sleimok
86%
Letzte evolution Gengar 2Alpollo
77%
Erschaffer aller PokemonArceus
72%
Machollo zu ...Maschok
69%
Letzte entwicklung von MemmeonInteleon
34%

Verteilung der Resultate

Perzentil nach korrekt beantworteten Fragen

Anzahl Personen mit jedem Resultat

Ihre Resultats-Entwicklung

Sie haben dieses Quiz noch nicht gespielt